Score 0/63 Timer 06:00
1 Play Today
Decade Names % Correct
1880sTheresa
74.6%
1890sTheresa
74.6%
1900sTheresa
74.6%
1910sTheresa
74.6%
1920sTheresa
74.6%
1930sTheresa
74.6%
1940sTheresa
74.6%
1950sTheresa
74.6%
1960sTheresa
74.6%
1960sTammy
72.6%
1970sTammy
72.6%
1950sTina
72.2%
1960sTina
72.2%
1970sTina
72.2%
1980sTina
72.2%
1940sTeresa
70.5%
1950sTeresa
70.5%
1960sTeresa
70.5%
1980sTeresa
70.5%
1880sTeresa
70.4%
1890sTeresa
70.4%
1900sTeresa
70.4%
1910sTeresa
70.4%
1920sTeresa
70.4%
1930sTeresa
70.4%
1940sTerry
57.4%
1950sTerry
57.4%
1960sTracy
55.1%
1970sTracy
55.1%
1980sTracy
55.1%
1970sTara
53.7%
1980sTara
53.7%
Decade Names % Correct
1990sTara
53.7%
1940sToni
52.8%
1990sTabitha
52%
1970sTiffany
50.7%
1980sTiffany
50.7%
1990sTiffany
50.7%
2000sTiffany
50.7%
1990sTaylor
49.6%
2000sTaylor
49.6%
1950sTerri
48%
1990sTori
45.8%
1890sThelma
41.2%
1900sThelma
41.2%
1910sThelma
41.2%
1920sThelma
41.2%
1930sThelma
41.2%
1940sThelma
41.2%
1880sTillie
29.4%
1890sTillie
29.4%
1900sTillie
29.3%
1910sTillie
29.3%
1920sTherese
25.1%
1930sTherese
25.1%
1890sTessie
22.2%
1900sTessie
22.2%
2000sTrinity
19.4%
1910sTommie
13.6%
1920sTommie
13.6%
1930sTommie
13.6%
1880sTena
8%
1880sTennie
6.3%

You're not logged in!

Compare scores with friends on all Sporcle quizzes.
OR
Log In

Sporcle TV

Today on Sporcle TV


Watch our educational content, quiz creation guides, and fun videos on Sporcle TV.

Show Comments

Extras

Top Quizzes Today


Score Distribution

Your Account Isn't Verified!

In order to create a playlist on Sporcle, you need to verify the email address you used during registration. Go to your Sporcle Settings to finish the process.

Report this User

Report this user for behavior that violates our Community Guidelines.

Details: